• 首页
  • 本馆介绍
  • 公告通知
  • 最新文献
  • 馆藏检索
  • 电子资源
  • 读者导购
  • 参考咨询
  • 我的图书馆
  • 登录
  • 详细信息显示
  • 放入我的书架
  • 预约/预借图书
  • 作者相关作品
  • 分类相关作品
  • 丛书相关作品
  • 出版社相关作品

书目信息

  • 表格格式
  • 工作单格式
  • 卡片格式
题名:
核天体物理--探索星系演化和元素起源的交叉学科
    
 
作者: 郭冰 , 柳卫平 , 李志宏 编著
分册:  
出版信息: 北京   中国原子能出版社  2017.04
页数: 51页
开本: 21cm
丛书名: 核科技知识丛书
单 册:
中图分类: O571-49 , P14-49
科图分类:
主题词: 核物理学--普及读物 , 天体物理学--普及读物
电子资源:
ISBN: 978-7-5022-8015-4
000 01230oam2 2200301 450
001 444
005 20180922115943.07
010    @a978-7-5022-8015-4@dCNY23.00
100    @a20170802d2017 em y0chiy50 ea
101 0  @achi
102    @aCN@b110000
105    @aa z 000yy
200 1  @a核天体物理--探索星系演化和元素起源的交叉学科@Ahe tian ti wu li--tan suo xing xi yan hua he yuan su qi yuan de jiao cha xue ke@9he tian ti wu li@e探索星系演化和元素起源的交叉学科@f郭冰,柳卫平,李志宏等编著
210    @a北京@c中国原子能出版社@d2017.04
215    @a51页@c图@d21cm
225 1  @a核科技知识丛书
330    @a本书介绍的内容为:核天体物理研究什么?宇宙大爆炸,恒星的诞生和演化,恒星能量来自何方?宇宙中的元素起源,太阳中微子,我国实验核天体物理发展现状,核天体物理发展展望。
461  0 @12001 @a核科技知识丛书
517 1  @a探索星系演化和元素起源的交叉学科@9tan suo xing xi yan hua he yuan su qi yuan de jiao cha xue ke
606 0  @a核物理学@j普及读物
606 0  @a天体物理学@j普及读物
690    @aO571-49@v5
690    @aP14-49@v5
701  0 @a郭冰@9guo bing@4编著
701  0 @a柳卫平@9liu wei ping@4编著
701  0 @a李志宏@9li zhi hong@4编著
801  0 @aCN@b91MARC@c20170802
905    @aMuseLib@dO571-49@e60
    
    核天体物理--探索星系演化和元素起源的交叉学科:探索星系演化和元素起源的交叉学科/郭冰,柳卫平,李志宏等编著.-北京:中国原子能出版社,2017.04
    51页:图;21cm.-(核科技知识丛书)
    
    
    ISBN 978-7-5022-8015-4:CNY23.00
    本书介绍的内容为:核天体物理研究什么?宇宙大爆炸,恒星的诞生和演化,恒星能量来自何方?宇宙中的元素起源,太阳中微子,我国实验核天体物理发展现状,核天体物理发展展望。
●
相关链接 在E读中查询图书 在五车中查询图书 在当当中查询图书 在豆瓣中查询图书


正题名:核天体物理--探索星系演化和元素起源的交叉学科     索取号:O571-49/60         预约/预借

序号 登录号 条形码 馆藏地/架位号 状态 备注
1 1119909   211199095   第二样本阅览室/ [索取号:O571-49/60] 在馆    
2 1119910   211199102   第三借阅区/ [索取号:O571-49/60] 在馆    
3 1119911   211199111   第三借阅区/ [索取号:O571-49/60] 在馆    
4 1119912   211199120   第三借阅区/ [索取号:O571-49/60] 在馆    
5 1119913   211199139   第三借阅区/ [索取号:O571-49/60] 在馆    
唐山师范学院图书馆 欢迎您!
大连网信软件有限公司© 版权所有